[Event "2. Bundesliga Ost 2018/2019"]
[Site "alle Wien"]
[Date "2018.10.07"]
[Round "2"]
[Board "1"]
[White "Hupfer, Robert"]
[Black "Jankovic, Alojzije"]
[Result "0-1"]
[WhiteElo "2136"]
[BlackElo "2543"]
[PlyCount "34"]
[EventDate "2018.10.06"]
[EventType "team"]
[EventRounds "11"]
[EventCountry "AUT"]
[WhiteTeam "DeLaVie Oberwart - www.trink-vitamine.at"]
[BlackTeam "SK Advisory Invest Baden"]

1. d4 Nf6 2. c4 e6 3. Nf3 Nc6 4. Nc3 Bb4 5. Qc2 O-O 6. g3 d5 7. a3 Bxc3+ 8.
Qxc3 Ne4 9. Qc2 Qf6 10. Be3 Nd6 11. cxd5 exd5 12. Bg5 Nxd4 13. Nxd4 Qxd4 14.
Be7 Bf5 15. Qb3 Ne4 16. Qe3 Qxb2 17. Qc1 Qb6  0-1

[Event "2. Bundesliga Ost 2018/2019"]
[Site "alle Wien"]
[Date "2018.10.07"]
[Round "2"]
[Board "2"]
[White "Rubil, Marko"]
[Black "Benkoe, Markus"]
[Result "1-0"]
[WhiteElo "2207"]
[BlackElo "2000"]
[PlyCount "67"]
[EventDate "2018.10.06"]
[EventType "team"]
[EventRounds "11"]
[EventCountry "AUT"]
[WhiteTeam "SK Advisory Invest Baden"]
[BlackTeam "DeLaVie Oberwart - www.trink-vitamine.at"]

1. e4 d6 2. d4 g6 3. Nc3 Nf6 4. f4 Bg7 5. Bd3 O-O 6. Nf3 c5 7. dxc5 dxc5 8. e5
Nd5 9. Nxd5 Qxd5 10. Qe2 Bg4 11. Be4 Qd7 12. Be3 Na6 13. Rd1 Qa4 14. Bd5 Nb4
15. Bb3 Qc6 16. O-O e6 17. Rd6 Qe4 18. Qd2 Nd5 19. Bxd5 exd5 20. Rxd5 b6 21. b3
Rfe8 22. Ng5 Qb4 23. c3 Qa3 24. Ne4 Be6 25. Rd6 Bf5 26. Ng3 Be6 27. f5 gxf5 28.
Bf4 c4 29. b4 a5 30. Nh5 f6 31. Bh6 Ra7 32. Bxg7 Rxg7 33. Nxf6+ Kh8 34. Nxe8
 1-0

[Event "2. Bundesliga Ost 2018/2019"]
[Site "alle Wien"]
[Date "2018.10.07"]
[Round "2"]
[Board "3"]
[White "Ziegner, Markus"]
[Black "Sharashenidze, Akaki"]
[Result "0-1"]
[WhiteElo "2121"]
[BlackElo "2354"]
[PlyCount "62"]
[EventDate "2018.10.06"]
[EventType "team"]
[EventRounds "11"]
[EventCountry "AUT"]
[WhiteTeam "DeLaVie Oberwart - www.trink-vitamine.at"]
[BlackTeam "SK Advisory Invest Baden"]

1. e4 d6 2. d4 Nf6 3. Nc3 e5 4. dxe5 dxe5 5. Qxd8+ Kxd8 6. f3 Be6 7. Bb5 a6 8.
Ba4 c5 9. f4 b5 10. Bxb5 axb5 11. Nxb5 Nxe4 12. Nf3 Nd6 13. Nxd6 Bxd6 14. fxe5
Be7 15. O-O h6 16. Bd2 Kc7 17. a4 Nc6 18. Bc3 Rhd8 19. Rf2 c4 20. Kf1 Bc5 21.
Re2 Nd4 22. Nxd4 Bxd4 23. Bxd4 Rxd4 24. Ke1 Rb8 25. Ra2 Rd5 26. Re3 Ra5 27. Kd2
Rb4 28. Rea3 Rxe5 29. a5 Kb7 30. a6+ Ka7 31. Kc3 Rb6  0-1

[Event "2. Bundesliga Ost 2018/2019"]
[Site "alle Wien"]
[Date "2018.10.07"]
[Round "2"]
[Board "4"]
[White "Ly, Dominik"]
[Black "Penker, Harald"]
[Result "1-0"]
[WhiteElo "2238"]
[BlackElo "2100"]
[PlyCount "63"]
[EventDate "2018.10.06"]
[EventType "team"]
[EventRounds "11"]
[EventCountry "AUT"]
[WhiteTeam "SK Advisory Invest Baden"]
[BlackTeam "DeLaVie Oberwart - www.trink-vitamine.at"]

1. e4 c6 2. d4 d5 3. Nc3 dxe4 4. Nxe4 Bf5 5. Ng3 Bg6 6. h4 h6 7. Nh3 Nf6 8. Bc4
Nd5 9. Bxd5 cxd5 10. Nf4 Bh7 11. Qh5 Bxc2 12. O-O Qd6 13. Nxd5 e6 14. Nc3 Be7
15. Qg4 Nd7 16. Bf4 Qb4 17. Nh5 g6 18. Ng3 Qxb2 19. Nge2 Rc8 20. Qg3 g5 21.
hxg5 hxg5 22. Be5 f6 23. Bd6 Qb6 24. Bxe7 Kxe7 25. f4 Rhg8 26. Qe3 Kd8 27. Rac1
Bf5 28. Na4 Qd6 29. Nc5 Ke7 30. Nxb7 Qd5 31. Qa3+ Kf7 32. Nd6+  1-0

[Event "2. Bundesliga Ost 2018/2019"]
[Site "alle Wien"]
[Date "2018.10.07"]
[Round "2"]
[Board "5"]
[White "Koller, David"]
[Black "Juenger, Heinz"]
[Result "1/2-1/2"]
[WhiteElo "1584"]
[BlackElo "2141"]
[PlyCount "138"]
[EventDate "2018.10.06"]
[EventType "team"]
[EventRounds "11"]
[EventCountry "AUT"]
[WhiteTeam "DeLaVie Oberwart - www.trink-vitamine.at"]
[BlackTeam "SK Advisory Invest Baden"]

1. e4 c5 2. Nc3 d6 3. f4 g6 4. Nf3 Bg7 5. Bc4 Nc6 6. O-O Nf6 7. d3 O-O 8. a3
Nd4 9. Nxd4 cxd4 10. Ne2 d5 11. exd5 Nxd5 12. Ng3 e6 13. Qf3 Nb6 14. Bb3 Qc7
15. Bd2 a5 16. Rac1 Bd7 17. c4 dxc3 18. Bxc3 Bxc3 19. Rxc3 Bc6 20. Qe3 Qd8 21.
Ne4 a4 22. Bc4 Bd5 23. Qe2 Nxc4 24. dxc4 Bxe4 25. Qxe4 Qb6+ 26. Rf2 Rfd8 27.
Kf1 Rd1+ 28. Ke2 Qxb2+ 29. Kxd1 Qxc3 30. Rd2 Rc8 31. Qxb7 Qxc4 32. Rd7 Qc2+ 33.
Ke1 Qc1+ 34. Kf2 Rc2+ 35. Kg3 Qxa3+ 36. Kg4 h5+ 37. Kg5 Rc5+ 38. Kh6 Rf5 39.
Rd8+ Qf8+ 40. Rxf8+ Kxf8 41. Qc8+ Ke7 42. Qc7+ Ke8 43. Kg7 g5 44. fxg5 Rxg5+
45. Kh6 Rf5 46. Qc6+ Ke7 47. Qxa4 Rd5 48. Qf4 Rf5 49. Qb4+ Kf6 50. g4 hxg4 51.
Qxg4 e5 52. h4 Rf4 53. Qg5+ Ke6 54. h5 f6 55. Qg8+ Kf5 56. Qc8+ Ke4 57. Kg6 Rh4
58. Qf5+ Kd5 59. h6 Kc4 60. h7 e4 61. Qc8+ Kd3 62. h8=Q Rxh8 63. Qxh8 e3 64.
Qd8+ Kc2 65. Qe7 Kd2 66. Qd6+ Ke1 67. Qg3+ Kd2 68. Qf4 Kd3 69. Qf1+ Kd2  1/2-1/2

[Event "2. Bundesliga Ost 2018/2019"]
[Site "alle Wien"]
[Date "2018.10.07"]
[Round "2"]
[Board "6"]
[White "Zojer, Stefan"]
[Black "Heissenberger, Andreas"]
[Result "1-0"]
[WhiteElo "2125"]
[BlackElo "1211"]
[PlyCount "69"]
[EventDate "2018.10.06"]
[EventType "team"]
[EventRounds "11"]
[EventCountry "AUT"]
[WhiteTeam "SK Advisory Invest Baden"]
[BlackTeam "DeLaVie Oberwart - www.trink-vitamine.at"]

1. d4 Nf6 2. Bg5 e6 3. e4 Be7 4. Bd3 h6 5. Bxf6 Bxf6 6. c3 d6 7. Ne2 c5 8. O-O
O-O 9. Nd2 Nc6 10. d5 Ne5 11. Bc2 b5 12. Ng3 g6 13. f4 Nd7 14. dxe6 fxe6 15.
Qg4 Qe8 16. e5 dxe5 17. Bxg6 Qe7 18. Be4+ Qg7 19. Qxg7+ Kxg7 20. Bxa8 Ba6 21.
Bc6 b4 22. Bxd7 Bxf1 23. Rxf1 Rd8 24. Nh5+ Kg6 25. Nxf6 Kxf6 26. Ne4+ Kf5 27.
Nxc5 e4 28. g4+ Kxg4 29. Bxe6+ Kh5 30. Nxe4 bxc3 31. bxc3 Rd3 32. Bf7+ Kh4 33.
f5 Re3 34. Rf4+ Kh3 35. Nf2#  1-0

[Event "2. Bundesliga Ost 2018/2019"]
[Site "alle Wien"]
[Date "2018.11.03"]
[Round "3"]
[Board "1"]
[White "Jankovic, Alojzije"]
[Black "Horvath, Dominik"]
[Result "1-0"]
[WhiteElo "2543"]
[BlackElo "2447"]
[PlyCount "57"]
[EventDate "2018.10.06"]
[EventType "team"]
[EventRounds "11"]
[EventCountry "AUT"]
[WhiteTeam "SK Advisory Invest Baden"]
[BlackTeam "ASVOE Pamhagen"]

1. d4 Nf6 2. Nf3 d5 3. g3 g6 4. Bg2 Bg7 5. O-O O-O 6. Bf4 c6 7. Qc1 Re8 8. Bh6
Bh8 9. c4 Bf5 10. h3 Ne4 11. g4 Be6 12. Nc3 Nxc3 13. bxc3 f6 14. Rb1 b6 15. Re1
Bg7 16. cxd5 cxd5 17. c4 Bxh6 18. Qxh6 Nc6 19. a3 Rc8 20. cxd5 Bxd5 21. e4 Bf7
22. e5 Rf8 23. d5 Bxd5 24. exf6 exf6 25. Rbd1 Ne7 26. Nd4 Rf7 27. Ne6 Qd6 28.
Nf4 Rc5 29. Nxd5  1-0

[Event "2. Bundesliga Ost 2018/2019"]
[Site "alle Wien"]
[Date "2018.11.03"]
[Round "3"]
[Board "2"]
[White "Lipka, Juraj"]
[Black "Rubil, Marko"]
[Result "1/2-1/2"]
[WhiteElo "2426"]
[BlackElo "2207"]
[PlyCount "96"]
[EventDate "2018.10.06"]
[EventType "team"]
[EventRounds "11"]
[EventCountry "AUT"]
[WhiteTeam "ASVOE Pamhagen"]
[BlackTeam "SK Advisory Invest Baden"]

1. d4 Nf6 2. Nf3 g6 3. Bg5 Bg7 4. Nbd2 d6 5. c3 Nbd7 6. e4 O-O 7. Be2 e5 8.
dxe5 dxe5 9. O-O Qe8 10. Re1 h6 11. Bh4 Nh5 12. Nc4 Nf4 13. Bf1 Nc5 14. b4 Na4
15. Qc2 Bg4 16. Nfxe5 Be6 17. Re3 b5 18. Na3 a6 19. Nf3 c5 20. Rb1 Bxa2 21.
Qxa2 Nxc3 22. Rxc3 Bxc3 23. bxc5 Qxe4 24. Rc1 b4 25. Nb1 Bg7 26. Rc4 Qe6 27.
Bg3 Nd5 28. Nd4 Qe1 29. Nc2 Qd1 30. Nxb4 Nxb4 31. Rxb4 Rfe8 32. Qb3 Rad8 33.
Bd6 Re1 34. Qxd1 Rxd1 35. Na3 Re8 36. Nc2 a5 37. Ra4 Bc3 38. g3 Rc1 39. Ra2 Re2
40. Nb4 Ree1 41. Nd3 Rxf1+ 42. Kg2 Bb4 43. Re2 Rg1+ 44. Kh3 Rc4 45. Re8+ Kh7
46. Re7 Kg8 47. Re8+ Kh7 48. Re7 Kg8  1/2-1/2

[Event "2. Bundesliga Ost 2018/2019"]
[Site "alle Wien"]
[Date "2018.11.03"]
[Round "3"]
[Board "3"]
[White "Sharashenidze, Akaki"]
[Black "Vitouch, Anatol"]
[Result "1-0"]
[WhiteElo "2354"]
[BlackElo "2319"]
[PlyCount "85"]
[EventDate "2018.10.06"]
[EventType "team"]
[EventRounds "11"]
[EventCountry "AUT"]
[WhiteTeam "SK Advisory Invest Baden"]
[BlackTeam "ASVOE Pamhagen"]

1. e4 e6 2. d4 d5 3. Nd2 c5 4. exd5 exd5 5. Ngf3 a6 6. dxc5 Bxc5 7. Nb3 Bb6 8.
Bd3 Qe7+ 9. Qe2 Qxe2+ 10. Kxe2 Nf6 11. Re1 O-O 12. Kf1 Nc6 13. c3 Ng4 14. Re2
f6 15. Bc2 Bd7 16. Bf4 Rfe8 17. Rae1 Rxe2 18. Rxe2 Re8 19. Bg3 Nce5 20. Nxe5
Nxe5 21. Nd4 Bxd4 22. cxd4 Nc4 23. Rxe8+ Bxe8 24. Bf5 Bc6 25. Be6+ Kf8 26. b3
Nd2+ 27. Ke1 Ne4 28. Bf4 Ke7 29. Bg8 h6 30. Bh7 Nd6 31. a4 Bd7 32. Kd2 g5 33.
Bxd6+ Kxd6 34. a5 f5 35. h4 Ke7 36. hxg5 hxg5 37. Kc3 Kf6 38. g4 f4 39. Bg8 Be6
40. Bxe6 Kxe6 41. b4 Kd7 42. b5 Kd6 43. Kb3  1-0

[Event "2. Bundesliga Ost 2018/2019"]
[Site "alle Wien"]
[Date "2018.11.03"]
[Round "3"]
[Board "4"]
[White "Franzen, Jozef"]
[Black "Ly, Dominik"]
[Result "1/2-1/2"]
[WhiteElo "2256"]
[BlackElo "2238"]
[PlyCount "174"]
[EventDate "2018.10.06"]
[EventType "team"]
[EventRounds "11"]
[EventCountry "AUT"]
[WhiteTeam "ASVOE Pamhagen"]
[BlackTeam "SK Advisory Invest Baden"]

1. e4 c5 2. Nf3 d6 3. d3 Nc6 4. g3 b6 5. Bg2 Bb7 6. O-O Nf6 7. Re1 e6 8. c3 Be7
9. d4 d5 10. e5 Nd7 11. Bf4 a5 12. Na3 Ba6 13. h4 h6 14. c4 dxc4 15. d5 exd5
16. Qxd5 Nb4 17. Qe4 Nd3 18. e6 Nf6 19. Qc6+ Kf8 20. Ne5 Rc8 21. Nxf7 Rxc6 22.
Nxd8 Rc8 23. Nf7 Nxe1 24. Rxe1 Rg8 25. Nd6 Rd8 26. Ndxc4 Nd5 27. Bxd5 Rxd5 28.
Nxb6 Rd3 29. Nac4 g5 30. hxg5 hxg5 31. Be5 Rg6 32. Bc3 Rh6 33. Ne5 Rxc3 34.
bxc3 Rxe6 35. Nd5 Bd6 36. Nd7+ Kf7 37. Rb1 Bc4 38. Ne3 Bd3 39. Rd1 Bb5 40. Nf5
Bxd7 41. Nxd6+ Kf6 42. Nb7 Ba4 43. Rc1 Re2 44. Nxc5 Rxa2 45. Nxa4 Rxa4 46. Kg2
g4 47. c4 Rb4 48. c5 Rb7 49. Ra1 Rb5 50. Rc1 Rb7 51. c6 Rc7 52. Rc4 Kg5 53. Kf1
a4 54. Rxa4 Rxc6 55. Ra5+ Kg6 56. Ke2 Rc3 57. Rd5 Ra3 58. Rd3 Ra5 59. Ke3 Kf5
60. Rd8 Ra2 61. Rf8+ Kg5 62. Ke4 Re2+ 63. Kd5 Rd2+ 64. Ke4 Re2+ 65. Kd3 Ra2 66.
Rf7 Ra4 67. Rg7+ Kf5 68. Rd7 Ra2 69. Rf7+ Kg5 70. Ke4 Re2+ 71. Kd5 Kg6 72. Rf4
Kg5 73. Kd6 Re1 74. Kd7 Re5 75. Rf7 Re2 76. Kd8 Kg6 77. Rf8 Kg5 78. Rf4 Re1 79.
Kd7 Re2 80. Kd6 Re1 81. Rf7 Re2 82. Kd5 Re1 83. Kd4 Re2 84. Kd3 Ra2 85. Rf8 Rb2
86. Rg8+ Kf5 87. Kd4 Rd2+  1/2-1/2

[Event "2. Bundesliga Ost 2018/2019"]
[Site "alle Wien"]
[Date "2018.11.03"]
[Round "3"]
[Board "5"]
[White "Dzierzenga, Stefan"]
[Black "Kuthan, Andreas"]
[Result "0-1"]
[WhiteElo "2212"]
[BlackElo "2186"]
[PlyCount "66"]
[EventDate "2018.10.06"]
[EventType "team"]
[EventRounds "11"]
[EventCountry "AUT"]
[WhiteTeam "SK Advisory Invest Baden"]
[BlackTeam "ASVOE Pamhagen"]

1. e4 e6 2. Nf3 d5 3. e5 c5 4. b4 cxb4 5. d4 Nc6 6. a3 f6 7. axb4 Bxb4+ 8. c3
Be7 9. Bd3 fxe5 10. dxe5 Qc7 11. O-O Nh6 12. Bxh6 gxh6 13. Re1 O-O 14. Na3 Bc5
15. Nb5 Qg7 16. Nbd4 Bd7 17. Nxc6 bxc6 18. Nd4 Rf4 19. g3 Raf8 20. Ra2 Bb6 21.
Bf1 c5 22. Bg2 R4f7 23. Nb3 Rf5 24. f4 h5 25. Kh1 h4 26. Bh3 Bc6 27. Rg1 Kh8
28. Bxf5 d4+ 29. Rgg2 Rxf5 30. gxh4 Rxf4 31. cxd4 Rg4 32. Qe2 cxd4 33. h3 Rxg2
 0-1

[Event "2. Bundesliga Ost 2018/2019"]
[Site "alle Wien"]
[Date "2018.11.03"]
[Round "3"]
[Board "6"]
[White "Eder, Martin"]
[Black "Hofegger, Jakob"]
[Result "1/2-1/2"]
[WhiteElo "2131"]
[BlackElo "2128"]
[PlyCount "135"]
[EventDate "2018.10.06"]
[EventType "team"]
[EventRounds "11"]
[EventCountry "AUT"]
[WhiteTeam "ASVOE Pamhagen"]
[BlackTeam "SK Advisory Invest Baden"]

1. d4 Nf6 2. c4 g6 3. Nc3 Bg7 4. Nf3 O-O 5. Bf4 d6 6. e3 Nbd7 7. Be2 Nh5 8. Bg5
h6 9. Bh4 c6 10. Qc2 Re8 11. Nd2 Nhf6 12. O-O e5 13. dxe5 dxe5 14. Rfd1 Qe7 15.
h3 Nc5 16. b4 Na6 17. a3 Bf5 18. e4 Be6 19. c5 Nc7 20. Nc4 Bxc4 21. Bxc4 Rad8
22. Ne2 g5 23. Bg3 Nh5 24. f3 Nf4 25. Be1 Nce6 26. Bxe6 Nxe6 27. Qc4 Rxd1 28.
Rxd1 Rd8 29. Rd3 Nf4 30. Rxd8+ Qxd8 31. Qc2 Kf8 32. Bc3 Qd7 33. Ng3 Bf6 34. Nf5
h5 35. Kf2 g4 36. hxg4 hxg4 37. fxg4 Qe6 38. g3 Nh3+ 39. Kg2 Ng5 40. Bb2 Qa2
41. Nd6 b6 42. Qf2 bxc5 43. bxc5 Qb1 44. Qe2 Bg7 45. Bc3 Bf6 46. Qb2 Qd1 47.
Qf2 Be7 48. Bd2 Qc2 49. Bxg5 Qxf2+ 50. Kxf2 Bxg5 51. Nc4 Bc1 52. Ke2 f6 53. Kd1
Bh6 54. Kc2 Ke7 55. Kb3 Kd7 56. Ka4 Bf8 57. Kb4 Kc7 58. Ne3 Bh6 59. Nf5 Bc1 60.
a4 Bd2+ 61. Kc4 Be1 62. Nd6 Kd7 63. Nf5 Bf2 64. Kb4 Be1+ 65. Kb3 Bf2 66. Kc4
Be1 67. Kd3 Bb4 68. Kc4  1/2-1/2

[Event "2. Bundesliga Ost 2018/2019"]
[Site "alle Wien"]
[Date "2018.11.03"]
[Round "3"]
[Board "1"]
[White "Stanec, Nikolaus"]
[Black "Hupfer, Robert"]
[Result "1-0"]
[WhiteElo "2473"]
[BlackElo "2136"]
[PlyCount "121"]
[EventDate "2018.10.06"]
[EventType "team"]
[EventRounds "11"]
[EventCountry "AUT"]
[WhiteTeam "SC Donaustadt"]
[BlackTeam "DeLaVie Oberwart - www.trink-vitamine.at"]

1. Nf3 d5 2. c4 e6 3. b3 Nf6 4. Bb2 Nbd7 5. e3 c6 6. Nc3 Bd6 7. Qc2 O-O 8. Rg1
e5 9. cxd5 cxd5 10. Nb5 Bb8 11. Ba3 Re8 12. Nd6 Bxd6 13. Bxd6 Re6 14. Qc7 Qxc7
15. Bxc7 Ne8 16. Ba5 b6 17. Bc3 f6 18. d4 e4 19. Nh4 g6 20. g4 Rc6 21. Kd2 Nd6
22. g5 f5 23. Ng2 Nf8 24. Nf4 Be6 25. Rc1 Bf7 26. h4 a5 27. a4 Rac8 28. Ba6
R8c7 29. Bb2 Nd7 30. Ba3 Nb8 31. Bxd6 Rxc1 32. Rxc1 Rxc1 33. Bxb8 Rb1 34. Bc7
Rxb3 35. Bb5 Rb2+ 36. Ke1 Rb1+ 37. Ke2 Rb2+ 38. Kf1 Kf8 39. Bxb6 Be8 40. Bxe8
Rxb6 41. Bb5 Rd6 42. Kg2 Ke7 43. Kg3 Rd8 44. Bc6 Rb8 45. Bxd5 Kd6 46. Bc4 Rb4
47. Bb5 Rb1 48. Ne2 Rh1 49. Be8 Re1 50. Nf4 Rg1+ 51. Kh2 Rc1 52. d5 Rc4 53. Bc6
Rc2 54. Kg2 Rc1 55. h5 gxh5 56. Nxh5 Ke5 57. Nf6 f4 58. exf4+ Kxf4 59. Nxh7 Kf5
60. Be8 Ke5 61. g6  1-0

[Event "2. Bundesliga Ost 2018/2019"]
[Site "alle Wien"]
[Date "2018.11.03"]
[Round "3"]
[Board "2"]
[White "Benkoe, Markus"]
[Black "Pingitzer, Harald"]
[Result "1/2-1/2"]
[WhiteElo "2000"]
[BlackElo "2314"]
[PlyCount "61"]
[EventDate "2018.10.06"]
[EventType "team"]
[EventRounds "11"]
[EventCountry "AUT"]
[WhiteTeam "DeLaVie Oberwart - www.trink-vitamine.at"]
[BlackTeam "SC Donaustadt"]

1. d4 d5 2. c4 c5 3. e3 Nf6 4. Nf3 cxd4 5. exd4 Nc6 6. Nc3 Bg4 7. cxd5 Nxd5 8.
Bc4 e6 9. O-O Be7 10. h3 Bxf3 11. Qxf3 Nxd4 12. Qg4 Nxc3 13. bxc3 Nf5 14. Bb5+
Kf8 15. Qa4 a6 16. Rd1 Qc7 17. Ba3 g6 18. Rd7 Qxc3 19. Bxe7+ Nxe7 20. Rad1 Nd5
21. Rxb7 Qe5 22. Bc6 Nc3 23. Qb4+ Kg7 24. Rxf7+ Kxf7 25. Rd7+ Kf6 26. Qe7+ Kf5
27. g4+ Kf4 28. Qf7+ Kg5 29. Qe7+ Kf4 30. Qf7+ Kg5 31. Qe7+  1/2-1/2

[Event "2. Bundesliga Ost 2018/2019"]
[Site "alle Wien"]
[Date "2018.11.03"]
[Round "3"]
[Board "4"]
[White "Ziegner, Markus"]
[Black "Schwab, Lukas"]
[Result "1/2-1/2"]
[WhiteElo "2121"]
[BlackElo "2190"]
[PlyCount "83"]
[EventDate "2018.10.06"]
[EventType "team"]
[EventRounds "11"]
[EventCountry "AUT"]
[WhiteTeam "DeLaVie Oberwart - www.trink-vitamine.at"]
[BlackTeam "SC Donaustadt"]

1. e4 e5 2. Nf3 Nc6 3. Bb5 a6 4. Bxc6 dxc6 5. O-O Bd6 6. d4 exd4 7. Qxd4 f6 8.
Nbd2 Be6 9. Nc4 Bxh2+ 10. Kxh2 Qxd4 11. Nxd4 Bxc4 12. Re1 O-O-O 13. Nf5 g6 14.
Ne3 Bf7 15. b3 Re8 16. f3 Re6 17. Bb2 h5 18. e5 fxe5 19. Nc4 Nh6 20. Rxe5 Rhe8
21. Rae1 Nf5 22. Rxe6 Rxe6 23. Ne5 Be8 24. g4 hxg4 25. fxg4 Nd6 26. Nd3 Rxe1
27. Nxe1 c5 28. Kg3 c4 29. Kf4 cxb3 30. axb3 Nf7 31. Bf6 Bc6 32. Nd3 Kd7 33. g5
Kd6 34. Ne5 Nxe5 35. Bxe5+ Kd7 36. Ke3 b6 37. b4 a5 38. bxa5 bxa5 39. Kd4 Ba4
40. Kc3 Kc6 41. Kb2 Kb6 42. c3  1/2-1/2

[Event "2. Bundesliga Ost 2018/2019"]
[Site "alle Wien"]
[Date "2018.11.03"]
[Round "3"]
[Board "5"]
[White "Pichler, Andreas"]
[Black "Hupfer, Georg"]
[Result "1-0"]
[WhiteElo "2071"]
[BlackElo "1774"]
[PlyCount "65"]
[EventDate "2018.10.06"]
[EventType "team"]
[EventRounds "11"]
[EventCountry "AUT"]
[WhiteTeam "SC Donaustadt"]
[BlackTeam "DeLaVie Oberwart - www.trink-vitamine.at"]

1. e4 d5 2. exd5 Qxd5 3. Nc3 Qa5 4. d4 c6 5. Bc4 Nf6 6. Nge2 Bf5 7. O-O e6 8.
Ng3 Bg6 9. Re1 Be7 10. Bb3 Nbd7 11. Qe2 Nd5 12. Nce4 Qc7 13. c4 N5b6 14. Bd2 h5
15. Ng5 Bxg5 16. Bxg5 h4 17. Ne4 Bf5 18. Qf3 g6 19. Bf4 Bxe4 20. Rxe4 Qd8 21.
Qe3 Kf8 22. Bg5 Qc7 23. Rxh4 Kg7 24. Bh6+ Kg8 25. Bf4 Qd8 26. Rxh8+ Kxh8 27.
Bg5 Qf8 28. Re1 Re8 29. Qf4 Qb4 30. Rc1 a5 31. Qxf7 Rf8 32. Qxg6 a4 33. Bc2  1-0

[Event "2. Bundesliga Ost 2018/2019"]
[Site "alle Wien"]
[Date "2018.11.03"]
[Round "3"]
[Board "6"]
[White "Heissenberger, Andreas"]
[Black "Hechl, Fabian"]
[Result "0-1"]
[WhiteElo "1211"]
[BlackElo "1986"]
[PlyCount "44"]
[EventDate "2018.10.06"]
[EventType "team"]
[EventRounds "11"]
[EventCountry "AUT"]
[WhiteTeam "DeLaVie Oberwart - www.trink-vitamine.at"]
[BlackTeam "SC Donaustadt"]

1. d4 Nf6 2. c4 g6 3. Nc3 Bg7 4. Nf3 O-O 5. e3 d6 6. Bd3 Nbd7 7. O-O Re8 8. Re1
e5 9. Bc2 Nh5 10. g4 Nhf6 11. g5 Nh5 12. h4 f5 13. d5 e4 14. Nd4 Ne5 15. Ba4
Rf8 16. b3 Nf3+ 17. Nxf3 Bxc3 18. Bd2 Bxa1 19. Qxa1 exf3 20. Bc3 h6 21. gxh6
Qxh4 22. Be5 Qh3  0-1

[Event "2. Bundesliga Ost 2018/2019"]
[Site "alle Wien"]
[Date "2018.11.03"]
[Round "3"]
[Board "1"]
[White "Mazur, Stefan"]
[Black "Zilka, Stepan"]
[Result "0-1"]
[WhiteElo "2407"]
[BlackElo "2533"]
[PlyCount "112"]
[EventDate "2018.10.06"]
[EventType "team"]
[EventRounds "11"]
[EventCountry "AUT"]
[WhiteTeam "SK Austria"]
[BlackTeam "Blackburne Nickelsdorf"]

1. e4 c6 2. d4 d5 3. exd5 cxd5 4. Bd3 Nc6 5. c3 e5 6. dxe5 Nxe5 7. Qe2 Qe7 8.
Bb5+ Nc6 9. Bg5 Qxe2+ 10. Nxe2 h6 11. Be3 a6 12. Ba4 Nf6 13. Nd2 Bf5 14. O-O
O-O-O 15. Bb6 Re8 16. Nd4 Bd7 17. Rfe1 Bd6 18. N2f3 Rxe1+ 19. Rxe1 Re8 20.
Rxe8+ Bxe8 21. Nf5 Bf8 22. Bxc6 bxc6 23. Bd4 Nh5 24. g4 g6 25. gxh5 gxf5 26.
Nh4 c5 27. Be3 Bd7 28. Kg2 Kc7 29. Kg3 Kc6 30. Nf3 Kb5 31. Bf4 Be6 32. Be5 Kc4
33. Kf4 Kd3 34. a3 a5 35. b3 Be7 36. b4 axb4 37. axb4 d4 38. bxc5 dxc3 39. Ne1+
Kd2 40. Nf3+ Kd3 41. Ne1+ Ke2 42. Bxc3 Bxc5 43. Nf3 Kd3 44. Bg7 Bxf2 45. h4
Be3+ 46. Ke5 Bc1 47. Bf8 Bb2+ 48. Kf4 f6 49. Kg3 Bc1 50. Bg7 f4+ 51. Kh2 Bd5
52. Ng1 f3 53. Nh3 Be6 54. Nf2+ Ke2 55. Ne4 Bf4+ 56. Kh1 f2  0-1

[Event "2. Bundesliga Ost 2018/2019"]
[Site "alle Wien"]
[Date "2018.11.03"]
[Round "3"]
[Board "2"]
[White "Schwarhofer, Christopher"]
[Black "Nagy, Bence"]
[Result "0-1"]
[WhiteElo "2379"]
[BlackElo "2381"]
[PlyCount "62"]
[EventDate "2018.10.06"]
[EventType "team"]
[EventRounds "11"]
[EventCountry "AUT"]
[WhiteTeam "Blackburne Nickelsdorf"]
[BlackTeam "SK Austria"]

1. e4 c5 2. Nf3 d6 3. d4 cxd4 4. Nxd4 Nf6 5. Nc3 a6 6. f4 e5 7. Nf3 Qc7 8. Be3
Be6 9. Qd2 Nbd7 10. O-O-O Rc8 11. f5 Bc4 12. h3 d5 13. exd5 Bb4 14. Bxc4 Qxc4
15. Qe2 Qc7 16. d6 Qa5 17. Bd4 O-O 18. Nxe5 Rfe8 19. Rhe1 Nxe5 20. Bxe5 Nd7 21.
Rd5 b5 22. Qf2 Nxe5 23. Rexe5 Rxe5 24. d7 Rce8 25. Qg3 Re1+ 26. Nd1 Rd8 27. f6
g6 28. c3 Bxc3 29. bxc3 Re2 30. Qd6 Qxa2 31. Rd2 Qxd2+  0-1

[Event "2. Bundesliga Ost 2018/2019"]
[Site "alle Wien"]
[Date "2018.11.03"]
[Round "3"]
[Board "3"]
[White "Hangweyrer, Manfred"]
[Black "Pinter, Erik"]
[Result "1/2-1/2"]
[WhiteElo "2351"]
[BlackElo "2360"]
[PlyCount "41"]
[EventDate "2018.10.06"]
[EventType "team"]
[EventRounds "11"]
[EventCountry "AUT"]
[WhiteTeam "SK Austria"]
[BlackTeam "Blackburne Nickelsdorf"]

1. e4 c6 2. d4 d5 3. exd5 cxd5 4. Nf3 Nf6 5. Bf4 Nc6 6. c3 Bg4 7. Nbd2 e6 8.
Qb3 Qc8 9. Ne5 Bh5 10. Bb5 Nd7 11. Ndf3 f6 12. Nxd7 Qxd7 13. Bd3 O-O-O 14. Qc2
g5 15. Bd2 Kb8 16. O-O-O Rc8 17. Qa4 Bd6 18. h3 Bf7 19. Kb1 h5 20. Ne1 Qc7 21.
g3  1/2-1/2

[Event "2. Bundesliga Ost 2018/2019"]
[Site "alle Wien"]
[Date "2018.11.03"]
[Round "3"]
[Board "4"]
[White "Lendwai, Reinhard"]
[Black "Sardy, Peter"]
[Result "1/2-1/2"]
[WhiteElo "2383"]
[BlackElo "2315"]
[PlyCount "62"]
[EventDate "2018.10.06"]
[EventType "team"]
[EventRounds "11"]
[EventCountry "AUT"]
[WhiteTeam "Blackburne Nickelsdorf"]
[BlackTeam "SK Austria"]

1. d4 Nf6 2. Bg5 d5 3. e3 Nbd7 4. Nd2 c6 5. c3 g6 6. Ngf3 Bg7 7. h3 O-O 8. Be2
Re8 9. O-O Qb6 10. b4 e5 11. Qb3 a5 12. a3 a4 13. Qa2 Qa7 14. Rae1 b5 15. Bd1
Ba6 16. Bh4 exd4 17. exd4 Rxe1 18. Rxe1 Re8 19. Rxe8+ Nxe8 20. Bc2 Qc7 21. Qb1
Bc8 22. Qe1 Nd6 23. Bg3 Bf8 24. Ne5 Nxe5 25. Qxe5 Qe7 26. Bd3 f6 27. Qxe7 Bxe7
28. Kf1 Kf7 29. Ke2 Ne8 30. Nf1 Ng7 31. Ne3 Bd7  1/2-1/2

[Event "2. Bundesliga Ost 2018/2019"]
[Site "alle Wien"]
[Date "2018.11.03"]
[Round "3"]
[Board "5"]
[White "Druckenthaner, Andreas"]
[Black "Vlcek, Stanislav"]
[Result "1/2-1/2"]
[WhiteElo "2304"]
[BlackElo "2284"]
[PlyCount "60"]
[EventDate "2018.10.06"]
[EventType "team"]
[EventRounds "11"]
[EventCountry "AUT"]
[WhiteTeam "SK Austria"]
[BlackTeam "Blackburne Nickelsdorf"]

1. b3 Nf6 2. Bb2 g6 3. Nf3 Bg7 4. g3 d6 5. d4 O-O 6. Bg2 e5 7. dxe5 Ng4 8. h3
Nxe5 9. Nxe5 dxe5 10. Qxd8 Rxd8 11. Nd2 Nd7 12. O-O-O Re8 13. Nc4 Nb6 14. Na5
Rb8 15. c4 Bh6+ 16. e3 Bf8 17. a3 e4 18. Rd2 Nd7 19. b4 c5 20. b5 f5 21. Rhd1
Nb6 22. Bf1 Be6 23. Be5 Rbc8 24. Kc2 Nd7 25. Bc3 Rc7 26. a4 Bg7 27. Bxg7 Kxg7
28. Kc3 Kf7 29. Nb3 Ne5 30. Rd8 Ke7  1/2-1/2